| 000 | 00464nam a2200169Ia 4500 | ||
|---|---|---|---|
| 008 | 180921t2008 xxu||||| |||| 00| 0 eng d | ||
| 041 | _aeng | ||
| 080 |
_a634.1 (RC) _bDIA |
||
| 100 | _aDias,Upali. | ||
| 245 | _aIsland of Fruits | ||
| 260 |
_bGodage International Publishers (pvt)Ltd _aColombo _c2008 |
||
| 300 | _aill,200p., 23 cm | ||
| 650 |
_aBank _aTour _aScience _aExhibitions |
||
| 942 | _cBK | ||
| 999 |
_c16131 _d16131 |
||
| 003 | LK-CoDNM | ||
| 040 |
_aLK-CoDNM _dLK-CoDNM _eLK-CoDNM |
||